00788nam a22002177a 4500001001000000003000900010005001700019007000300036008004100039020001800080040002500098082001700123100000300140245007800143260003600221300002800257650006300285651006300348651008600411710007300497000045351DO-SdBNP20220203083739.0ta131112s2019 dr a 000 0 spa d a9789945220247 aDO-SdBNPbspacBNPHU a304.82bE7921 10aEstado de las migraciones que atañen a la República Dominicana 2018 / aSanto Domingo :bOBMICA,c2019. a328 p. :bil. ;c28 cm. 4aInmigranteszRepública Dominicanay2013xDerecho civiles 4aRepública DominicanaxEmigración E Inmigracióny2013 4aRepública DominicanaxEmigración E InmigraciónxAspectos Económicosy201322aCentro para la Observación Migratoria y el Desarrollo en el Caribe